Oxford Pocket English Grammar /

Gespeichert in:
Bibliographische Detailangaben
1. Verfasser: Thompson, A.j.
Weitere Verfasser: Martinet, A.v.
Format: Sách giấy
Sprache:English
Veröffentlicht: Oxford : Oxford University Press , 1990
Tags: Tag hinzufügen
Keine Tags, Fügen Sie den ersten Tag hinzu!
Thư viện lưu trữ: Thư viện Trường Đại học Đà Lạt
LEADER 00631nam a2200265 4500
001 DLU020015788
005 ##10/17/2000
020 # # |a 978- 
041 # # |a eng 
082 # # |a 428.2  |b TH-A 
090 # # |a 428.2  |b TH-A 
100 # # |a Thompson, A.j. 
245 # # |a Oxford Pocket English Grammar /  |c Thompson A.J., Martinet A.V. 
260 # # |a Oxford :  |b Oxford University Press ,  |c 1990 
300 # # |a 309 tr.;   |c 18 cm. 
700 # # |a Martinet, A.v. 
992 # # |a 10800 
994 # # |a DLU 
900 # # |a False 
911 # # |a Administrator 
925 # # |a G 
926 # # |a A 
927 # # |a SH 
980 # # |a Thư viện Trường Đại học Đà Lạt